Countries that border France - Statistics

General Stats
  • This quiz has been taken 21 times
  • The average score is 10 of 11
Answer Stats
Hint Answer % Correct
11 Belgium
100%
9 Germany
100%
7 Italy
100%
10 Luxembourg
100%
2 Spain
100%
8 Switzerland
100%
6 Monaco
95%
5 Andorra
84%
4 Brazil
84%
1 Netherlands
74%
3 Suriname
74%
No matching quizzes found
Score Distribution
Percent of People with Each Score
Percentile by Number Answered
Your Score History
You have not taken this quiz